MARC

LEADER 00000nam1a2200000 4500
001 266570
005 20231101234019.0
020 |a RU  |b 86-102318 
035 |a (RuTPU)RU\TPU\book\289590 
090 |a 266570 
100 |a 20140710d1986 k y0rusy5003 ca 
101 0 |a rus 
200 1 |a Роль аномальных давлений в распределении залежей нефти и газа  |e сборник научных трудов  |f Академия наук СССР (АН СССР), Институт геологии и разработки горючих ископаемых (ИГиРГИ) 
210 |a Москва  |c ИГИРГИ  |d 1986 
215 |a 159 с.  |c ил.  |d 22 см 
320 |a Библиогр. в конце ст. 
606 1 |a Нефтегазонакопление  |2 stltpush  |3 (RuTPU)RU\TPU\subj\45588  |9 64781 
606 1 |a Нефтяные скважины, глубокие  |x Пластовое давление  |x Прогноз  |2 stltpush  |3 (RuTPU)RU\TPU\subj\46159  |9 65344 
610 1 |a аномальные пластовые давления 
610 1 |a газовые скважины 
610 1 |a нефтеносные районы 
610 1 |a газоносные районы 
610 1 |a пластовая энергия 
610 1 |a формирование 
610 1 |a осмос 
610 1 |a осадочные толщи 
610 1 |a флюиды 
610 1 |a диапировое внедрение 
675 |a 553.98.041  |z rus  |v 3 
675 |a 622.241.8  |z rus  |v 3 
712 0 2 |a Академия наук СССР (АН СССР)  |b Институт геологии и разработки горючих ископаемых (ИГиРГИ)  |c (Москва)  |c (1958-????)  |2 stltpush  |3 (RuTPU)RU\TPU\col\13483 
801 0 |a RU  |b RuMRKP  |c 19960705  |g psbo 
801 1 |a RU  |b 63413507  |c 20140710 
801 2 |a RU  |b 63413507  |c 20150727  |g RCR 
942 |c BK